Á lódáil...

Southeast Asian regional transport survey.

Sonraí Bibleagrafaíochta
Formáid: Printed Book
Foilsithe: Makati, Philippines, Asian Development Bank, c1972-73]
Ábhair:
LEADER 00498cam a2200133 4500
082 0 0 |a 380.509 59  |b SOU 
245 1 0 |a Southeast Asian regional transport survey. 
260 |a Makati, Philippines,  |b Asian Development Bank,  |c c1972-73] 
300 |a 3 v. in 5. 
500 |a Errata slip inserted. 
650 0 |a Transportation  |z Southeast Asia. 
942 |c BK 
999 |c 99007  |d 99007 
952 |0 0  |1 0  |4 0  |6 380_509000000000000_59_SOU  |7 0  |9 92225  |a SSS  |b SSS  |c GEN  |d 2012-01-24  |l 0  |o 380.509 59 SOU  |p SSSMK1264  |r 2012-01-24  |w 2012-01-24  |y BK